Подробности
| 000 -МАРКЕР |
| контрольное поле |
02046nam0a2200385 4500 |
| 001 - ИДЕНТИФИКАТОР ЗАПИСИ |
| контрольное поле |
RU\NLR\BIBL_A\012620192 |
| 005 - ИДЕНТИФИКАТОР ВЕРСИИ |
| контрольное поле |
20211209165706.0 |
| 010 ## - МЕЖДУНАРОДНЫЙ СТАНДАРТНЫЙ НОМЕР КНИГИ (ISBN) |
| Номер (ISBN) |
978-5-907365-33-9 |
| Тираж |
500 |
| 021 ## - НОМЕР ГОСУДАРСТВЕННОЙ РЕГИСТРАЦИИ |
| Код страны |
Российская Федерация |
| Номер |
КН-П-21-037838 |
| Номер Листа государственной регистраци |
КН-П-21-2946 |
| 035 ## - ДРУГИЕ СИСТЕМНЫЕ НОМЕРА |
| Идентификатор записи |
(NLR Aleph) 012620192 |
| 100 ## - ДАННЫЕ ОБЩЕЙ ОБРАБОТКИ |
| Данные общей обработки |
20211014d2021 k y0rusy50 ca |
| 101 1# - ЯЗЫК РЕСУРСА |
| Язык текста, звукозаписи и т.д. |
русский |
| Язык оригинала |
английский |
| 102 ## - СТРАНА ПУБЛИКАЦИИ ИЛИ ПРОИЗВОДСТВА |
| Страна публикации |
Российская Федерация |
| 105 ## - ПОЛЕ КОДИРОВАННЫХ ДАННЫХ: ТЕКСТОВЫЕ МАТЕРИАЛЫ, МОНОГРАФИЧЕСКИЕ |
| Кодированные данные о монографическом текстовом документе |
y z 000zy |
| 181 #0 - ПОЛЕ КОДИРОВАННЫХ ДАННЫХ: ВИД СОДЕРЖАНИЯ |
| Код вида содержания (ISBD) |
i |
| Код характеристики содержания (ISBD) |
axxe |
| 182 #0 - ПОЛЕ КОДИРОВАННЫХ ДАННЫХ: ТИП СРЕДСТВА |
| Код типа средства (ISBD) |
n - непосредственное |
| 200 1# - ЗАГЛАВИЕ И СВЕДЕНИЯ ОБ ОТВЕТСТВЕННОСТИ |
| Основное заглавие |
Схема-терапия |
| Сведения, относящиеся к заглавию |
отличительные особенности |
| Первые сведения об ответственности |
Эшколь Рафаэли, Дэвид Ф. Бернштейн, Джеффри Янг |
| Последующие сведения об ответственности |
перевод с английского и редакция О. Л. Пелявского |
| 203 ## - ВИД СОДЕРЖАНИЯ И ТИП СРЕДСТВА |
| Вид содержания |
Текст |
| Дополнительные сведения об издании |
визуальный |
| Тип средства |
непосредственный |
| 210 ## - ПУБЛИКАЦИЯ, РАСПРОСТРАНЕНИЕ И ДР. |
| Место издания, распространения и т.д. |
Москва |
| -- |
Санкт-Петербург |
| Имя издателя, распространителя и т. д. |
Диалектика |
| Дата издания, распространения и т.д. |
2021 |
| 215 ## - ФИЗИЧЕСКАЯ ХАРАКТЕРИСТИКА |
| Специфическое обозначение материала и объем |
189 с. |
| Размеры |
23 |
| 300 ## - ОБЩИЕ ПРИМЕЧАНИЯ |
| Текст примечания |
Загл. и авт. ориг.: Schema therapy: distinctive features / Eshkol Rafaeli, David P. Bernstein and Jeffrey Young |
| 300 ## - ОБЩИЕ ПРИМЕЧАНИЯ |
| Текст примечания |
На 4-й с. обл. авт.: Э. Рафаэли, психолог-клиницист, адъюнкт-проф., Д. Ф. Бернштейн, адъюнкт-проф., Джеффри Янг |
| 320 ## - ПРИМЕЧАНИЯ О НАЛИЧИИ В ДОКУМЕНТЕ БИБЛИОГРАФИИ / УКАЗАТЕЛЯ |
| Текст примечания |
Библиогр.: с. 185-189 (61 назв.) |
| 454 #1 - ОРИГИНАЛ (ПЕРЕВОДА) |
| Встроенное поле |
2001#$aSchema therapy$edistinctive features$fEshkol Rafaeli, David P. Bernstein and Jeffrey Young |
| -- |
700#1$aRafaeli$bE.$gEshkol |
| -- |
701#1$aBernstein$bD. P.$gDavid P. |
| -- |
701#1$aYoung$bJ. E.$f1950-$gJeffrey E. |
| Заглавие |
Schema therapy |
| Автор |
Rafaeli, Eshkol |
| 606 1# - НАИМЕНОВАНИЕ ТЕМЫ КАК ПРЕДМЕТ |
| Наименование темы |
Схемная терапия |
| Формальный подзаголовок |
Популярные издания |
| Системный номер авторитетной/нормативной записи |
2453422 |
| Идентификатор авторитетной/нормативной записи |
RU\NLR\AUTH\6601676059 |
| 686 1# - ИНДЕКСЫ ДРУГИХ КЛАССИФИКАЦИЙ |
| Индекс |
Ю948.1-82z9 |
| 686 1# - ИНДЕКСЫ ДРУГИХ КЛАССИФИКАЦИЙ |
| Индекс |
Р357.19я9 |
| 700 #1 - ИМЯ ЛИЦА - ПЕРВИЧНАЯ ОТВЕТСТВЕННОСТЬ |
| Начальный элемент ввода |
Рафаэли |
| Часть имени, кроме начального элемента ввода |
Э. |
| Расширение инициалов личного имени |
Эшколь |
| 701 #1 - ИМЯ ЛИЦА - АЛЬТЕРНАТИВНАЯ ОТВЕТСТВЕННОСТЬ |
| Начальный элемент ввода |
Бернштейн |
| Часть имени, кроме начального элемента ввода |
Д. Ф. |
| Расширение инициалов личного имени |
Дэвид Ф. |
| 701 #1 - ИМЯ ЛИЦА - АЛЬТЕРНАТИВНАЯ ОТВЕТСТВЕННОСТЬ |
| Начальный элемент ввода |
Янг |
| Часть имени, кроме начального элемента ввода |
Д. |
| Даты |
1950- |
| Расширение инициалов личного имени |
Джеффри |
| 942 ## - ДОПОЛНИТЕЛЬНЫЕ ЭЛЕМЕНТЫ ЗАПИСИ (АБИС) |
| Тип экземпляра АБИС |
Книга |
| 980 ## - КОЛЛЕКЦИЯ |
| Название коллекции |
Национальная библиография |